000 00520nam a2200217Ia 4500
003 GCL
008 140319s9999 xx 000 0 eng d
040 _aGCL /
_cGCL
082 0 4 _a004.6
_bE U
100 1 _aESTABROOK, NOEL
245 1 0 _aUSING VSENET NEWSGROUPS /
_cESTABROOK, NOEL
700 1 _aGREGORY, KATE
700 1 _aMANN, JIM
700 1 _aPARKER, TIM
260 _a[S.N] :
_bQUE ،
_c1995
300 _a363P
650 0 4 _aشعر الحرب
650 0 4 _aINTERNET
650 0 4 _aNEWS
942 _2ddc
_cBK
999 _c12149
_d12149